00970nam a2200241 a 450000100100000000500170001000800410002702000150006804000250008308200180010810000370012624000330016324500710019626000360026730000280030353400430033165000310037465000350040570000370044095201150047795201210059299900150071300000395620200929150635.0730717s1987 sp 000 0 spa  a8476390645 aDO-SdBNPbspacBNPHU a813.54bT238m1 aTaylor, Peter,d1930-199791189510aA woman of means.lEspañol12aUna mujer de recursos /cPeter taylor; traducción, David Palmer. aBarcelona :bMontesinos,c1987. a144 p. :bil. ;c20 cm. aTítulo Original :tA woman of means. 4aNovela estadounidense9262 4aLiteratura estadounidense92631 aPalmer, Davidd1941-etr.911896 001050718MOaGRbGRcHDd2009-07-15iLF1l0o813.54 T238mp3956-10r2020-06-25w2020-06-25y1ZNo se presta 001150718MOaGRbGRcMId2017-04-03iLF1l0o813.54 T238mp3956-20r2020-06-25te. 2w2020-06-25y1ZNo se presta c3775d3775